| 000 | 01664nam a2200505 i 4500 | ||
|---|---|---|---|
| 001 | 56670 | ||
| 003 | KOSZ 005 | ||
| 005 | 20190927100108.0 | ||
| 008 | 090424s2007 pl a f 000 0 pol | ||
| 015 | _aPB 2009/28613 | ||
| 020 | _a9788392546610 | ||
| 035 | _a991048990529705066 | ||
| 035 | _a(PL-WaBN)b23640911-48omnis_nlop | ||
| 035 | _ab23640911 | ||
| 035 | _a(OCoLC)751288258 | ||
| 035 | _a(PL)b0000002364091 | ||
| 035 | _a(EXLNZ-48OMNIS_NETWORK)9910373299405606 | ||
| 040 |
_aWA N _cWA N _dKOSZ 005/RW |
||
| 046 | _k2007 | ||
| 080 | _a336.02(438) | ||
| 080 | _a336.744(4-67)]"2001/..." | ||
| 100 | 1 |
_aŁon, Eryk. _eAutor |
|
| 245 | 1 | 0 |
_aWarto mieć polską walutę / _cEryk Łon. |
| 260 |
_aSzczecin : _bFundacja im. Bolesława Chrobrego, _ccopyright 2007. |
||
| 300 |
_a66 stron : _bilustracje ; _c21 cm. |
||
| 336 |
_aTekst _btxt _2rdacontent |
||
| 337 |
_aBez urządzenia pośredniczącego _bn _2rdamedia |
||
| 338 |
_aWolumin _bnc _2rdacarrier |
||
| 380 | _aKsiążki | ||
| 388 | _a2001- | ||
| 490 | 1 | _aSeria z Mieczykiem | |
| 504 | _aBibliografia na stronach 62-64. | ||
| 648 | 7 |
_a2001- _2DBN |
|
| 650 | 7 |
_aEuro (pieniądz) _2DBN |
|
| 650 | 7 |
_aUnia Gospodarcza i Walutowa. _2DBN |
|
| 658 | _aGospodarka, ekonomia, finanse | ||
| 650 | 7 |
_aPieniądz _2DBN |
|
| 651 | 7 |
_aPolska _2DBN |
|
| 650 | 7 | _aPolityka | |
| 710 | 2 |
_aFundacja im. Bolesława Chrobrego (Szczecin). _4pbl. |
|
| 830 | 0 | _aSeria z Mieczykiem | |
| 856 |
_uhttp://koha.tu.koszalin.pl/cgi-bin/koha/opac-detail.pl?biblionumber=56670 _yKatalog online BPK |
||
| 942 |
_2UKD _cKS |
||
| 999 |
_c56670 _d56670 |
||